000 00948nam a2200241Ia 4500
001 21758
005 20260407134406.0
008 260320s9999||||xx |||||||||||||| ||und||
020 _a9786124373572
041 _aESP
082 _a378.079854
_bA52 T. 2
100 _aAmado La Rosa, Jaime,
_eAUT
245 0 _aSingladura histórica de la Universidad Católica de Santa María (1961 -2019)
250 _aPrimera edición
260 _aArequipa :
_bUniversidad Católica de Santa María. Fondo Editorial,
_c2019
300 _a510 páginas :
_bfotografías, retratos ;
_c24 cm.
505 _aContiene: Tomo 2. 2005-2019
650 _aCIS
653 _aEducación superior; Universidad Católica de Santa María (Arequipa) - Historia; Universidades católicas - Arequipa (Perú)
654 _aCED
856 _uhttps://research-ebsco-com.ucsp.lookproxy.com/c/qxo6us/search
_zVéase además: Base de datos EBSCOhost
942 _cLIB
_dJUS
_fMAT
_2ddc
999 _c21758
_d21758